| 000 | 00659nam a2200229Ia 4500 | ||
|---|---|---|---|
| 003 | GCL | ||
| 008 | 140319s9999 xx 000 0 ara d | ||
| 040 |
_aGCL / _cGCL |
||
| 082 | 0 | 4 |
_a223.8 _bع و |
| 100 | 1 | _aعبدالحميد ابراهيم | |
| 245 | 1 | 0 |
_aالوحى والقران / _cعبدالحميد ابراهيم |
| 260 |
_a[S.N] : _bالهيئة المصرية العامة للكتاب ، _c1993 |
||
| 300 | _a165 ص | ||
| 490 | _a | ||
| 650 | 0 | 4 | _aالاسلام |
| 650 | 0 | 4 | _aالديانات |
| 650 | 0 | 4 | _aنزول القران |
| 650 | 0 | 4 | _aالوحى |
| 650 | 0 | 4 | _aجمع القران |
| 650 | 0 | 4 | _aالقران |
| 942 |
_2ddc _cBK |
||
| 999 |
_c29225 _d29225 |
||